Table de multiplication 10×10 en 1 minute - Statistiques

Statistiques générales
  • Ce quiz a été pris 10 185 fois
  • Le résultat moyen est 51 sur 100
Statistiques - réponses
Résultat % Correct
1
100%
2
99%
3
99%
4
98%
5
98%
6
98%
7
98%
8
98%
9
98%
10
97%
2
96%
4
95%
6
95%
10
94%
12
94%
14
94%
8
94%
16
93%
18
93%
20
93%
3
92%
6
91%
12
90%
9
90%
15
89%
18
88%
21
87%
24
87%
27
86%
30
86%
4
84%
8
82%
12
80%
16
79%
20
77%
24
76%
28
75%
32
74%
40
73%
36
72%
5
72%
10
69%
15
68%
20
67%
25
67%
30
66%
35
65%
40
63%
45
62%
50
62%
6
58%
12
55%
18
53%
24
49%
30
46%
36
44%
42
42%
48
39%
54
36%
60
36%
7
34%
14
31%
21
29%
28
26%
35
23%
42
21%
49
19%
56
17%
63
15%
70
15%
8
14%
16
12%
24
11%
32
10%
40
9%
48
9%
10
8%
56
8%
80
8%
9
8%
18
7%
20
7%
30
7%
40
7%
64
7%
100
6%
27
6%
50
6%
60
6%
70
6%
72
6%
80
6%
90
6%
36
5%
45
5%
90
5%
54
4%
63
4%
72
4%
81
4%
Aucun quiz correspondant
Distribution des résultats
% des personnes avec chaque résultat
Percentile par nombre de réponses
Votre historique - résultats
Vous n’avez pas pris ce quiz